000
00356nam a2200145Ia 4500
001
3898
008
241024s9999 xx 000 0 und d
020
_a
978-9945-465-39-6
082
_a
RD/863.97293/SL634p
100
_a
Miriam Slujalkovsky Jiménez
245
0
_a
Pancho
260
_b
Ediciones CP
_c
2013
901
_a
28/1/2015 3:34:22 p.m.
999
_c
7764
_d
7764